UBT Library

Heart Valve Replacement & Future trends in cardiac surgery (Record no. 58183)

000 -LEADER
fixed length control field 00323nam a22001337a 4500
008 - FIXED-LENGTH DATA ELEMENTS--GENERAL INFORMATION
fixed length control field 211012b ||||| |||| 00| 0 eng d
041 ## - LANGUAGE CODE
Language code of text/sound track or separate title eng
080 ## - UNIVERSAL DECIMAL CLASSIFICATION NUMBER
Universal Decimal Classification number 616.12
082 ## - DEWEY DECIMAL CLASSIFICATION NUMBER
Classification number 616.12
100 ## - Rafti
Rafti 7
101 ## - Shkurtesa
Shkurtesa KARD
245 ## - TITLE STATEMENT
Title Heart Valve Replacement & Future trends in cardiac surgery
Statement of responsibility, etc Rabago,G
942 ## - ADDED ENTRY ELEMENTS (KOHA)
Source of classification or shelving scheme
Item type Books
Holdings
Withdrawn status Lost status Source of classification or shelving scheme Damaged status Not for loan Collection code Permanent location Current location Shelving location Date acquired Total Checkouts Full call number Barcode Date last seen Price effective from Koha item type
          Koleksioni i përgjithshem UBT - Lipjan UBT - Lipjan Koleksioni i përgjithshem 10/12/2021   616.12 RAB 002-7004034 10/12/2021 10/12/2021 Books
UBT Library © 2015-2024. All rights reserved University Education for Business and Technology